000 00313nam a22001337a 4500
008 170303b xxu||||| |||| 00| 0 eng d
020 _a9780815145684
041 _aeng
080 _23 ED
_a616.073
100 _a6
101 _aSHM
245 _aRADIOGRAPHIC PATHOLOGY FOR TECHNOLOGIC
_cMACE.J.D
942 _2udc
_cBK
999 _c6666
_d6666